000 00817nam a2200241Ia 4500
003 OSt
005 20251229121854.0
008 210716s1999 xx 000 0 und d
020 _a8176351733
040 _cAIMIT LIBRARY
041 _aeng
082 _a006.37
_21
_bSMIC
100 _aSmith, Curtis L.
_9249719
245 _aSams teach yourself :
_bdatabase programming with visual basic 6 in 21 days /
_cBy Curtis L Smith and Michael C Amundsen.
250 _a1st ed.
260 _aNew Delhi :
_bTechmedia,
_c1999.
300 _axxi,882,28p. ;
_bPB
_c24 cm
650 _aDatabase programming basics
_9249720
650 _aWriting reports for visual basic 6 applications
_9249721
650 _aUsing the visdata program
_9249722
700 _aAmundsen, Michael C.
_9249723
942 _2ddc
_cBK
_e1st
_k006.37 SMIC
999 _c183325
_d183325